[Event "Catalunya-ch Seniors"]
[Site "Malgrat del Mar"]
[Date "2023.05.17"]
[Round "4"]
[White "Tosan Pereira, Felipe"]
[Black "Teixidor Banus, Josep Maria"]
[Result "1-0"]
[WhiteElo "2088"]
[BlackElo "1640"]
[PlyCount "101"]
[EventDate "2023.05.14"]
[EventType "swiss"]
[EventRounds "8"]
[EventCountry "ESP"]
[SourceTitle "CBM 214 Extra"]
[Source "ChessBase"]
[SourceDate "2023.07.31"]
[SourceVersion "1"]
[SourceVersionDate "2023.07.31"]
[SourceQuality "1"]

1. e4 g6 2. Nf3 Bg7 3. g3 d6 4. Bg2 b6 5. d3 Bb7 6. 0-0 e6 7. Re1 Ne7 8. Nbd2 Nd7 9. h4 h6 10. a4 a6 11. d4 0-0 12. Qe2 Kh7 13. h5 e5 14. d5 Nf6 15. hxg6+ fxg6 16. Bh3 Bc8 17. Bxc8 Qxc8 18. Kg2 Ng4 19. Rh1 Kg8 20. Nc4 Rf7 21. Ne3 g5 22. Nxg4 Qxg4 23. Ng1 Qxe2 24. Nxe2 Raf8 25. Be3 Kh7 26. Ra3 Kg6 27. Rc3 Ng8 28. g4 Nf6 29. f3 h5 30. gxh5+ Nxh5 31. Bc1 Nf4+ 32. Nxf4+ gxf4 33. a5 b5 34. Rc6 Ra8 35. b3 Bf6 36. Bd2 Bd8 37. Rh8 Rd7 38. Re8 Kf7 39. Re6 Bf6 40. Be1 Rg8+ 41. Kf1 Ra8 42. c4 bxc4 43. bxc4 Be7 44. Rh6 Kg7 45. Rh2 Kf7 46. Rb2 Bd8 47. Rb7 Ke8 48. Bc3 Rh7 49. c5 Rh6 50. Bxe5 Rh1+ 51. Kg2 1-0

[Event "Catalunya-ch Seniors"]
[Site "Malgrat del Mar"]
[Date "2023.05.14"]
[Round "1"]
[White "Teixidor Banus, Josep Maria"]
[Black "Dominguez Rueda, Juan"]
[Result "0-1"]
[WhiteElo "1640"]
[BlackElo "1982"]
[PlyCount "40"]
[EventDate "2023.05.14"]
[EventType "swiss"]
[EventRounds "8"]
[EventCountry "ESP"]
[SourceTitle "CBM 214 Extra"]
[Source "ChessBase"]
[SourceDate "2023.07.31"]
[SourceVersion "1"]
[SourceVersionDate "2023.07.31"]
[SourceQuality "1"]

1. d4 Nf6 2. Nf3 d6 3. h3 Nbd7 4. Bf4 g6 5. e3 Bg7 6. Be2 0-0 7. 0-0 c5 8. c3 b6 9. Nbd2 Bb7 10. Bh2 Rc8 11. a4 cxd4 12. exd4 Bh6 13. g4 Nd5 14. g5 Bg7 15. Qb3 e5 16. h4 h6 17. Bc4 Ne7 18. Rfe1 Nf5 19. Ne4 Rxc4 20. Qxc4 d5 0-1

[Event "Girona Gerunda Sarria Ter4th"]
[Site "Girona"]
[Date "2019.04.05"]
[Round "2.2"]
[White "Teixidor Banus, Josep Maria"]
[Black "Mayor Sanchez, Angel"]
[Result "0-1"]
[WhiteElo "1756"]
[BlackElo "2072"]
[PlyCount "46"]
[EventDate "2019.03.29"]
[EventType "swiss"]
[EventRounds "9"]
[EventCountry "ESP"]
[SourceTitle "EXT 2024"]
[Source "ChessBase"]
[SourceDate "2023.10.10"]
[SourceVersion "1"]
[SourceVersionDate "2023.10.10"]
[SourceQuality "1"]

1. d4 Nf6 2. Bf4 g6 3. e3 Bg7 4. Nf3 0-0 5. Nbd2 d6 6. h3 Nc6 7. Be2 Nd7 8. c3 e5 9. Bg3 a5 10. a4 h6 11. 0-0 f5 12. Bc4+ Kh8 13. Nh4 Qf6 14. f4 e4 15. Nxe4 fxe4 16. Qg4 Ne7 17. Rf2 Nb6 18. Qe2 Nxc4 19. Qxc4 c6 20. Raf1 Nf5 21. Nxf5 gxf5 22. Qe2 Be6 23. Bh2 Qf7 0-1

[Event "Girona-ch Seniors"]
[Site "Girona"]
[Date "2019.03.05"]
[Round "5.5"]
[White "Teixidor Banus, Josep Maria"]
[Black "Cuerda Quintana, Antoni"]
[Result "1-0"]
[WhiteElo "1756"]
[BlackElo "1375"]
[PlyCount "91"]
[EventDate "2019.02.05"]
[EventType "swiss"]
[EventRounds "6"]
[EventCountry "ESP"]
[SourceTitle "EXT 2024"]
[Source "ChessBase"]
[SourceDate "2023.10.10"]
[SourceVersion "1"]
[SourceVersionDate "2023.10.10"]
[SourceQuality "1"]

1. d4 d5 2. Bf4 c5 3. c3 Nf6 4. e3 a6 5. Bd3 e6 6. a4 Nc6 7. Nd2 Be7 8. h3 cxd4 9. exd4 Bd7 10. Ngf3 Qb6 11. b4 a5 12. b5 Na7 13. 0-0 Bd6 14. Ne5 Nc8 15. Be3 Ne7 16. c4 Qc7 17. f4 Ne4 18. c5 Bxe5 19. fxe5 Nf5 20. Bf4 Nxd2 21. Qxd2 Nxd4 22. Qc3 g5 23. Bh2 b6 24. c6 Nxc6 25. bxc6 Qxc6 26. Qxc6 Bxc6 27. Rfc1 Kd7 28. Kf2 h6 29. Bg1 Rab8 30. Bb5 Bxb5 31. axb5 Rb7 32. Rc6 Rhb8 33. Ke2 Ke7 34. Bd4 Kd7 35. Rd6+ Ke7 36. Rc1 Rd7 37. Rcc6 Rxd6 38. Rxd6 f6 39. Rc6 fxe5 40. Bxe5 Rd8 41. Rxb6 Rd7 42. Bd4 Rc7 43. Kd3 Rc4 44. Ra6 a4 45. b6 Rb4 46. Bc5+ 1-0

[Event "Girona-ch Seniors"]
[Site "Girona"]
[Date "2017.02.28"]
[Round "4.6"]
[White "Teixidor Banus, Josep Maria"]
[Black "Voegeli, Max"]
[Result "0-1"]
[WhiteElo "1727"]
[BlackElo "1720"]
[PlyCount "48"]
[EventDate "2017.02.07"]
[EventType "swiss"]
[EventRounds "6"]
[EventCountry "ESP"]
[SourceTitle "EXT 2024"]
[Source "ChessBase"]
[SourceDate "2023.10.10"]
[SourceVersion "1"]
[SourceVersionDate "2023.10.10"]
[SourceQuality "1"]

1. d4 Nf6 2. Nf3 c5 3. c3 e6 4. e3 d5 5. Be2 Nc6 6. 0-0 b6 7. Qa4 Bd7 8. Qd1 Bd6 9. Nbd2 0-0 10. b3 cxd4 11. cxd4 Qe7 12. Bb2 a6 13. a3 Rfc8 14. Bd3 Na7 15. Bxa6 Rc7 16. a4 Nc6 17. Bb5 Nb4 18. Bxd7 Qxd7 19. Ne5 Qc8 20. Rc1 Nd7 21. Ndf3 f6 22. Nd3 Rxc1 23. Qxc1 Nxd3 24. Qxc8+ Rxc8 0-1

[Event "Girona-ch Seniors"]
[Site "Santa Eugenia"]
[Date "2016.??.??"]
[Round "1.8"]
[White "Teixidor Banus, Josep Maria"]
[Black "Juez Folga, Florenti"]
[Result "1-0"]
[WhiteElo "1876"]
[BlackElo "1661"]
[PlyCount "39"]
[EventDate "2016.02.02"]
[EventType "swiss"]
[EventRounds "6"]
[EventCountry "ESP"]
[SourceTitle "EXT 2024"]
[Source "ChessBase"]
[SourceDate "2023.10.10"]
[SourceVersion "1"]
[SourceVersionDate "2023.10.10"]
[SourceQuality "1"]

1. d4 d5 2. Nf3 Nc6 3. Bf4 Nf6 4. e3 e6 5. c3 Qe7 6. Bd3 g6 7. Nbd2 h5 8. Qc2 Rg8 9. Bg5 e5 10. dxe5 Nxe5 11. Nxe5 Qxe5 12. Nf3 Qe7 13. 0-0-0 Be6 14. Qa4+ Bd7 15. Qd4 0-0-0 16. Bxf6 Bg7 17. Bxg7 c5 18. Qe5 Qxe5 19. Bxe5 Rge8 20. Bf6 1-0

[Event "Girona-ch Seniors"]
[Site "Santa Eugenia"]
[Date "2016.??.??"]
[Round "6.3"]
[White "Teixidor Banus, Josep Maria"]
[Black "Llach Mascaro, Josep Maria"]
[Result "1/2-1/2"]
[WhiteElo "1876"]
[BlackElo "2066"]
[PlyCount "43"]
[EventDate "2016.02.02"]
[EventType "swiss"]
[EventRounds "6"]
[EventCountry "ESP"]
[SourceTitle "EXT 2024"]
[Source "ChessBase"]
[SourceDate "2023.10.10"]
[SourceVersion "1"]
[SourceVersionDate "2023.10.10"]
[SourceQuality "1"]

1. d4 c5 2. c3 Nf6 3. Nf3 e6 4. e3 Nc6 5. Bd3 d5 6. Nbd2 cxd4 7. exd4 g6 8. 0-0 Bg7 9. Re1 0-0 10. Nf1 a6 11. Ng3 b5 12. Bf4 Qb6 13. Qd2 b4 14. Bh6 bxc3 15. bxc3 e5 16. Bxg7 Kxg7 17. dxe5 Ng8 18. Qg5 Kh8 19. Nh4 Qd8 20. Qxd8 Nxd8 21. h3 h6 22. Nf3 1/2-1/2

[Event "Girona-ch Seniors"]
[Site "Girona"]
[Date "2015.??.??"]
[Round "1.2"]
[White "Tarrus Galter, Narcis"]
[Black "Teixidor Banus, Josep Maria"]
[Result "0-1"]
[WhiteElo "2119"]
[BlackElo "1794"]
[PlyCount "74"]
[EventDate "2015.02.10"]
[EventType "tourn"]
[EventRounds "6"]
[EventCountry "ESP"]
[SourceTitle "EXT 2024"]
[Source "ChessBase"]
[SourceDate "2023.10.10"]
[SourceVersion "1"]
[SourceVersionDate "2023.10.10"]
[SourceQuality "1"]

1. Nf3 d5 2. b3 Nf6 3. Bb2 Bf5 4. e3 e6 5. c4 c6 6. Be2 Nbd7 7. 0-0 Qc7 8. Nc3 Bd6 9. h3 Ne5 10. Nxe5 Bxe5 11. d4 Bd6 12. c5 Be7 13. b4 g5 14. g4 Bg6 15. f4 h5 16. Kg2 hxg4 17. hxg4 gxf4 18. Rh1 Kd7 19. b5 fxe3 20. Bf3 Qf4 21. Ne2 Qg5 22. bxc6+ bxc6 23. Qb3 Rhb8 24. Qa3 Nxg4 25. Ng3 Nf2 26. Rh2 f5 27. Rg1 f4 28. Kf1 fxg3 29. Rhg2 Bd3+ 30. Ke1 Rg8 31. Bc1 Qf4 32. Be2 Qxd4 33. Rxg3 Rxg3 34. Rxg3 Bxe2 35. Kxe2 Qd3+ 36. Qxd3 Nxd3 37. Kxd3 Bxc5 0-1

[Event "Girona-ch Seniors"]
[Site "Girona"]
[Date "2015.??.??"]
[Round "6.6"]
[White "Teixidor Banus, Josep Maria"]
[Black "Sanchez Cuenca Lopez, Luis"]
[Result "1-0"]
[WhiteElo "1794"]
[BlackElo "1700"]
[PlyCount "95"]
[EventDate "2015.02.10"]
[EventType "tourn"]
[EventRounds "6"]
[EventCountry "ESP"]
[SourceTitle "EXT 2024"]
[Source "ChessBase"]
[SourceDate "2023.10.10"]
[SourceVersion "1"]
[SourceVersionDate "2023.10.10"]
[SourceQuality "1"]

1. d4 Nc6 2. Nf3 Nf6 3. Bf4 d6 4. e3 h6 5. h4 e6 6. c3 Be7 7. Bd3 Bd7 8. Qc2 a6 9. Nbd2 Ng4 10. Bg3 g5 11. hxg5 Bxg5 12. Nxg5 Qxg5 13. Nf3 Qg7 14. Qe2 0-0-0 15. 0-0-0 h5 16. Rh4 Nf6 17. Rdh1 Rde8 18. e4 d5 19. e5 Ng4 20. Rxh5 Rxh5 21. Rxh5 Rh8 22. Rxh8+ Qxh8 23. Bh4 Qg8 24. g3 Qf8 25. Kd1 Nh6 26. Ng5 Ng8 27. Qf3 Nd8 28. Nh7 Qe8 29. Nf6 Nxf6 30. Qxf6 Bb5 31. Bxb5 axb5 32. Qxd8+ Qxd8 33. Bxd8 Kxd8 34. Kc2 c6 35. Kd3 Ke8 36. f4 Kf8 37. b3 Kg7 38. g4 Kg6 39. Ke3 Kh6 40. Kf3 Kg6 41. Kg3 Kh6 42. Kh4 Kg6 43. a3 Kh6 44. f5 Kg7 45. Kg5 b6 46. b4 Kf8 47. Kf6 Ke8 48. fxe6 1-0